| 000 | 00871nam a2200241 a 4500 | ||
|---|---|---|---|
| 001 | 000020810 | ||
| 005 | 20200930011153.0 | ||
| 008 | 100817s1974 dr 000 0 spa d | ||
| 040 |
_aDO-SdBNP _bspa _cBPJMB |
||
| 082 |
_a372.7 _bC266m |
||
| 100 | 1 |
_aCárdenas Trigos, Humberto _943629 |
|
| 245 | 1 | 0 |
_aMatemáticas : _bsegundo grado / _cHumberto Cárdenas Trigos...[et al.]. |
| 260 |
_aMéxico : _bConsejo Nacional de Fomento Educativo, _c1974. |
||
| 300 |
_a238 p. : _bil. ; _c27 cm. |
||
| 500 | _aSegundo grado , primera parte. | ||
| 650 | 4 |
_aMatemáticas _xEnseñanza básica _943577 |
|
| 650 | 4 |
_aMatemáticas _xLibros de texto _929573 |
|
| 700 | 1 |
_aCuriel Ariza, Miguel Ángel _943630 |
|
| 700 | 1 |
_aLluis Riera, Emilio _943631 |
|
| 700 | 1 |
_aPeralta Corona, Fidel _943632 |
|
| 700 | 1 |
_aTavera Guerrero, Cuauhtémoc _943633 |
|
| 700 | 1 |
_aVillar Quijano, Elías V. _943634 |
|
| 999 |
_c20314 _d20314 |
||